Fragmenty marketingu malých a stredných podnikov pri vstupe na trhy Európskej únie

Vstup Slovenska do Európskej únie priniesol nové podnikateľské podmienky zvlášť pre malé a stredné podniky. Orientácia marketingových manažérov na novú situáciu. Analýza nových domácich trhových podmienok. Analýza nových trhov. Náčrt úspešnosti rozvoja podniku. Silná konkurenčná atmosféra.

Saved in:
Bibliographic Details
Main Author: Gurský, František
Format: Book Chapter
Language:Slovak
Subjects:
Tags: Add Tag
No Tags, Be the first to tag this record!

MARC

LEADER 00000naa$a2200000$$$4500
001 0023947
005 20240502071418.8
041 0 |a slo 
044 |a SK 
245 1 0 |a Fragmenty marketingu malých a stredných podnikov pri vstupe na trhy Európskej únie  |c František Gurský 
520 |a Vstup Slovenska do Európskej únie priniesol nové podnikateľské podmienky zvlášť pre malé a stredné podniky. Orientácia marketingových manažérov na novú situáciu. Analýza nových domácich trhových podmienok. Analýza nových trhov. Náčrt úspešnosti rozvoja podniku. Silná konkurenčná atmosféra. 
610 2 0 |a marketing 
610 2 0 |a podnik malý 
610 2 0 |a podnik stredný 
610 2 0 |a manažment 
610 2 0 |a konkurencia 
610 2 0 |a Slovensko 
610 2 0 |a Európska únia 
610 2 0 |a trh 
100 1 |a Gurský, František